000 00358nam a2200157Ia 4500
008 230711s9999||||xx |||||||||||||| ||und||
041 _aENG
082 _a720
_bAK-M
100 _aAkalank
245 0 _aMasterplan for NCR-2021
250 _a1st
260 _c2007
_aNew Delhi
_bAkalank Publications
300 _a208
650 _aArchitecture
942 _cBK
999 _c5053
_d5053